Castle of Crossed Destinies (Record no. 99308)

MARC details
000 -LEADER
fixed length control field 00387nam a2200145Ia 4500
008 - FIXED-LENGTH DATA ELEMENTS--GENERAL INFORMATION
fixed length control field 211118s9999||||xx |||||||||||||| ||und||
082 ## - DEWEY DECIMAL CLASSIFICATION NUMBER
Classification number 853
Item number CAL-C
100 ## - MAIN ENTRY--PERSONAL NAME
Personal name Calvino, Italo
245 #0 - TITLE STATEMENT
Title Castle of Crossed Destinies
260 ## - PUBLICATION, DISTRIBUTION, ETC.
Name of publisher, distributor, etc. Vintage
Place of publication, distribution, etc. Newdelhi
Date of publication, distribution, etc. 1973
300 ## - PHYSICAL DESCRIPTION
Extent 128p
630 ## - SUBJECT ADDED ENTRY--UNIFORM TITLE
General subdivision General Stack
650 ## - SUBJECT ADDED ENTRY--TOPICAL TERM
Topical term or geographic name entry element literature and rhetoric
942 ## - ADDED ENTRY ELEMENTS (KOHA)
Koha item type BOOK
650 ## - SUBJECT ADDED ENTRY--TOPICAL TERM
Form subdivision italian fictionEnglish
Holdings
Withdrawn status Lost status Damaged status Not for loan Home library Current library Date acquired Cost, normal purchase price Total Checkouts Full call number Barcode Shelving location Date last seen Date last checked out Price effective from Koha item type
        SB LIBRARY SB LIBRARY 18/11/2021 305.80 2 853 CAL-C 00104739 GENERAL STACK 09/11/2023 27/10/2023 18/11/2021 BOOK

Powered by Koha